Manual de la Autoridad en la SSP (Record n. 38190)
[ formato base ]
| 000 -LEADER | |
|---|---|
| fixed length control field | 00855nam a22001577a 4500 |
| 003 - CONTROL NUMBER IDENTIFIER | |
| control field | IT-RoPau |
| 005 - DATE AND TIME OF LATEST TRANSACTION | |
| control field | 20220918175943.0 |
| 008 - FIXED-LENGTH DATA ELEMENTS--GENERAL INFORMATION | |
| fixed length control field | 130307b xxu||||| |||| 00| 0 eng d |
| 040 ## - CATALOGING SOURCE | |
| Transcribing agency | IT-RoPau |
| 245 ## - TITLE STATEMENT | |
| Title | Manual de la Autoridad en la SSP |
| 250 ## - EDITION STATEMENT | |
| Edition statement | 1° ed |
| 260 ## - PUBLICATION, DISTRIBUTION, ETC. (IMPRINT) | |
| Place of publication, distribution, etc. | Roma |
| Name of publisher, distributor, etc. | Casa General SSP |
| Date of publication, distribution, etc. | 1996 |
| 300 ## - PHYSICAL DESCRIPTION | |
| Extent | 238 pp |
| Dimensions | 21 cm |
| 520 ## - SUMMARY, ETC. | |
| Summary, etc. | Sumario<br/><br/>Presentación del Superior General<br/><br/>Sumario<br/>Siglas y abreviaturas<br/>Orgnigrama global de la Congregación<br/>Nota técnica<br/><br/>Introducción: Premisas sobre la autoridad [nn. 000-037]<br/>Capítulo I: El Gobierno General [nn. 100-172]<br/>Capítulo II: El Gobierno del circunscripcional<br/>Provincia, Región (Delegación) [nn. 200-267]<br/>Capítulo III: El Gobierno Local [300-329]<br/>Capítulo IV: La autoridad delegada [400-438]<br/><br/>Apéndice 1<br/>Apéndice 2<br/>Apéndice 3<br/>Apéndice 4<br/><br/>ĺndice analítico |
| 942 ## - ADDED ENTRY ELEMENTS (KOHA) | |
| Source of classification or shelving scheme | Dewey Decimal Classification |
| Koha item type | LIBRO |
| Withdrawn status | Lost status | Source of classification or shelving scheme | Damaged status | Not for loan | Home library | Current library | Date acquired | Total Checkouts | Full call number | Date last seen | Price effective from | Koha item type |
|---|---|---|---|---|---|---|---|---|---|---|---|---|
| Dewey Decimal Classification | Buone Condizioni | Not For Loan | PAULUS-BIBLIOTECA | PAULUS-BIBLIOTECA | 07/03/2013 | P C3 | 07/03/2013 | 07/03/2013 | LIBRO |